[Event "World Junior Chess Championship U18 b"]
[Site "Gaziantep"]
[Date "2008.08.03"]
[Round "1.26"]
[White "Oliver, Gareth"]
[Black "Negi, Parimerjan"]
[Result "0-1"]
[WhiteElo "2196"]
[BlackElo "2529"]
[PlyCount "58"]
[EventDate "2008.08.??"]
[EventType "swiss"]
[EventRounds "13"]
[EventCountry "TUR"]

1. d4 Nf6 2. c4 g6 3. Nc3 d5 4. cxd5 Nxd5 5. Bd2 Nb6 6. Nf3 Bg7 7. e4 Bxd4 8.
Nxd4 Qxd4 9. Qc2 c6 10. O-O-O Qxf2 11. Be2 Be6 12. Rhf1 Qc5 13. b4 Qd4 14. Bd3
N8d7 15. Nb1 Ne5 16. Bc3 Qe3+ 17. Kb2 Nec4+ 18. Ka1 O-O 19. Rf3 Qg5 20. Rg3 Qh5
21. Be2 Qxh2 22. Rdd3 Qh4 23. Qc1 f6 24. Rh3 Bxh3 25. Rxh3 Qg5 26. Nd2 Rad8 27.
Qh1 Rxd2 28. Bxc4+ Nxc4 29. Rxh7 Rc2 0-1

[Event "World Junior Chess Championship U18 b"]
[Site "Gaziantep"]
[Date "2008.08.03"]
[Round "1.27"]
[White "Ragger, Markus"]
[Black "Alvarez Ramirez, Miguel Angel"]
[Result "1-0"]
[WhiteElo "2527"]
[BlackElo "2194"]
[PlyCount "71"]
[EventDate "2008.08.??"]
[EventType "swiss"]
[EventRounds "13"]
[EventCountry "TUR"]

1. e4 c5 2. c3 Nf6 3. e5 Nd5 4. Nf3 Nc6 5. Bc4 Nb6 6. Bb3 c4 7. Bc2 Qc7 8. Qe2
g5 9. h3 Bg7 10. O-O Nxe5 11. Nxg5 h6 12. Nf3 d5 13. a4 e6 14. Re1 Nbd7 15. Na3
a6 16. b3 O-O 17. bxc4 dxc4 18. Nd4 Nb6 19. Nf3 Nbd7 20. Rb1 Nd3 21. Bxd3 cxd3
22. Qxd3 Nc5 23. Qc4 Qa5 24. Qh4 Nxa4 25. Rb4 Bd7 26. Rg4 f5 27. Rxg7+ Kxg7 28.
Qd4+ Kg8 29. Qxd7 Nc5 30. Qd6 Rad8 31. Qg3+ Kh7 32. d4 Ne4 33. Qf4 Qxc3 34.
Qxh6+ Kg8 35. Qg6+ Kh8 36. Bf4 1-0

[Event "World Junior Chess Championship U18 b"]
[Site "Gaziantep"]
[Date "2008.08.03"]
[Round "1.28"]
[White "Apaydin, Fethi"]
[Black "Safarli, Eltaj"]
[Result "0-1"]
[WhiteElo "2187"]
[BlackElo "2527"]
[PlyCount "36"]
[EventDate "2008.08.??"]
[EventType "swiss"]
[EventRounds "13"]
[EventCountry "TUR"]

1. d4 Nf6 2. Nc3 d5 3. Bg5 Nbd7 4. f3 c6 5. Qd2 b5 6. a3 h6 7. Bh4 e5 8. dxe5
Nxe5 9. e4 Nxe4 10. fxe4 Qxh4+ 11. g3 Qd8 12. O-O-O Bg4 13. exd5 Bxd1 14. Qxd1
g6 15. Nxb5 cxb5 16. Bxb5+ Ke7 17. d6+ Qxd6 18. Qe2 Bg7 0-1

[Event "World Junior Chess Championship U18 b"]
[Site "Gaziantep"]
[Date "2008.08.03"]
[Round "1.29"]
[White "Melkumyan, Hrant"]
[Black "Haridas, Pascua"]
[Result "1-0"]
[WhiteElo "2507"]
[BlackElo "2174"]
[PlyCount "79"]
[EventDate "2008.08.??"]
[EventType "swiss"]
[EventRounds "13"]
[EventCountry "TUR"]

1. c4 c5 2. Nc3 Nc6 3. Nf3 g6 4. e3 Bg7 5. d4 d6 6. d5 Ne5 7. Nxe5 dxe5 8. e4
Nf6 9. Be3 b6 10. Be2 O-O 11. g4 Ne8 12. Qd2 Nd6 13. h4 Bd7 14. h5 f5 15. gxf5
gxf5 16. Rg1 Kh8 17. exf5 Bxf5 18. Bh6 Bxh6 19. Qxh6 Rg8 20. O-O-O Rxg1 21.
Rxg1 Qf8 22. Qxf8+ Rxf8 23. Kd2 Rg8 24. Re1 Rg2 25. Ke3 Kg7 26. Rh1 Kf6 27. a3
Bg4 28. Bf1 Nf5+ 29. Kd3 Bf3 30. Bxg2 Bxg2 31. Ne4+ Bxe4+ 32. Kxe4 Nd6+ 33. Kd3
e4+ 34. Kc3 Nf5 35. Rg1 Ng7 36. Kd2 Nxh5 37. Ke3 Kf5 38. f3 exf3 39. Kxf3 a5
40. Re1 1-0

[Event "World Junior Chess Championship U18 b"]
[Site "Gaziantep"]
[Date "2008.08.03"]
[Round "1.30"]
[White "Hughes, Tyler B"]
[Black "Hammer, Jon Ludvig"]
[Result "0-1"]
[WhiteElo "2161"]
[BlackElo "2494"]
[PlyCount "84"]
[EventDate "2008.08.??"]
[EventType "swiss"]
[EventRounds "13"]
[EventCountry "TUR"]

1. d4 Nf6 2. c4 e6 3. Nc3 Bb4 4. f3 d5 5. a3 Be7 6. e4 dxe4 7. fxe4 e5 8. d5
Bc5 9. Nf3 Bg4 10. Bd3 Nbd7 11. Bg5 c6 12. Qc2 Rc8 13. O-O-O O-O 14. Rdf1 h6
15. Bd2 Bd4 16. dxc6 Rxc6 17. b4 Be6 18. Ne2 Bxc4 19. Nexd4 exd4 20. Bxc4 Nb6
21. Ne5 Rc8 22. Rf5 g6 23. Nxf7 Rxc4 24. Nxd8 gxf5 25. e5 Ne4 26. Nxb7 Rxc2+
27. Kxc2 d3+ 28. Kc1 Nc4 29. Bxh6 Rb8 30. Nc5 Nxc5 31. bxc5 Kf7 32. Rd1 Rb3 33.
c6 Ke6 34. c7 Kd7 35. Bf8 Kxc7 36. e6 Kd8 37. Bc5 a5 38. Rf1 Rc3+ 39. Kd1 Nb2+
40. Kd2 Rxc5 41. Rb1 Rc2+ 42. Ke3 d2 0-1

[Event "World Junior Chess Championship U18 b"]
[Site "Gaziantep"]
[Date "2008.08.03"]
[Round "1.31"]
[White "Arun, Prasad Subramanian"]
[Black "Ertan, Can"]
[Result "1-0"]
[WhiteElo "2492"]
[BlackElo "2149"]
[PlyCount "67"]
[EventDate "2008.08.??"]
[EventType "swiss"]
[EventRounds "13"]
[EventCountry "TUR"]

1. d4 Nf6 2. c4 e6 3. Nc3 Bb4 4. Qc2 c5 5. dxc5 O-O 6. a3 Bxc5 7. Nf3 Nc6 8. e3
Be7 9. Bd3 d5 10. O-O dxc4 11. Bxc4 a6 12. Bd3 Qa5 13. b4 Qh5 14. Ne2 Bd6 15.
Bb2 Ne5 16. Nxe5 Bxe5 17. Nf4 Bxf4 18. exf4 Bd7 19. Bxf6 gxf6 20. Be4 Rab8 21.
Rfd1 Bb5 22. a4 Rfc8 23. Qb2 Bc6 24. Bxc6 bxc6 25. Qxf6 Qg6 26. Qc3 Qg7 27. Qc4
Qf8 28. Rab1 Rb6 29. Rb3 Rcb8 30. Rg3+ Kh8 31. Qc3+ f6 32. Re3 Re8 33. Re4 Qe7
34. h3 1-0

[Event "World Junior Chess Championship U18 b"]
[Site "Gaziantep"]
[Date "2008.08.03"]
[Round "1.32"]
[White "Sousa, Ricardo"]
[Black "Papadopoulos, Ioannis"]
[Result "0-1"]
[WhiteElo "2133"]
[BlackElo "2490"]
[PlyCount "80"]
[EventDate "2008.08.??"]
[EventType "swiss"]
[EventRounds "13"]
[EventCountry "TUR"]

1. Nf3 Nf6 2. g3 c5 3. Bg2 d5 4. O-O Nc6 5. d3 g6 6. Nbd2 Bg7 7. e4 O-O 8. c3
b6 9. Re1 Qc7 10. Qc2 Rd8 11. a4 Ba6 12. exd5 Nxd5 13. Nc4 Bb7 14. Bd2 Rd7 15.
Rad1 Rad8 16. Bh3 e6 17. Bg5 Re8 18. Qc1 a6 19. Bh6 Bh8 20. Ng5 Rde7 21. Re2 b5
22. axb5 axb5 23. Ne3 Ne5 24. f4 Nd7 25. Rde1 N7f6 26. Ne4 Rd7 27. Ng4 Nxg4 28.
Bxg4 f5 29. Ng5 fxg4 30. Nxe6 Qd6 31. f5 Bf6 32. Bg5 Rf7 33. fxg6 hxg6 34. Qd1
Bxg5 35. Nxg5 Rxe2 36. Rxe2 Re7 37. Re4 Nf6 38. Rf4 Qd5 39. Ne4 Nxe4 40. Qxg4
Ng5 0-1

[Event "World Junior Chess Championship U18 b"]
[Site "Gaziantep"]
[Date "2008.08.03"]
[Round "1.33"]
[White "Wen, Yang"]
[Black "Sirin, Atakan"]
[Result "1-0"]
[WhiteElo "2487"]
[BlackElo "2107"]
[PlyCount "51"]
[EventDate "2008.08.??"]
[EventType "swiss"]
[EventRounds "13"]
[EventCountry "TUR"]

1. e4 c5 2. Ne2 d6 3. g3 g6 4. Bg2 Bg7 5. c3 Nc6 6. d4 e5 7. d5 Nce7 8. O-O f5
9. f4 fxe4 10. fxe5 Bxe5 11. Nd2 Nxd5 12. Nc4 Ndf6 13. Bg5 Qe7 14. Nf4 Be6 15.
Nxe5 dxe5 16. Nxe6 Qxe6 17. Qa4+ Qd7 18. Qb3 c4 19. Qxc4 Rc8 20. Qb3 Rc6 21.
Rad1 Qg4 22. Qxb7 Ne7 23. Bxf6 Rxf6 24. Qb8+ Kf7 25. Rxf6+ Kg7 26. Qxe5 1-0

[Event "World Junior Chess Championship U18 b"]
[Site "Gaziantep"]
[Date "2008.08.03"]
[Round "1.34"]
[White "Ilic, Slavisa"]
[Black "Sanikidze, Tornike"]
[Result "0-1"]
[WhiteElo "2081"]
[BlackElo "2486"]
[PlyCount "70"]
[EventDate "2008.08.??"]
[EventType "swiss"]
[EventRounds "13"]
[EventCountry "TUR"]

1. e4 c5 2. c3 d5 3. exd5 Qxd5 4. Nf3 Nc6 5. Be2 Nf6 6. O-O Bg4 7. Na3 e6 8.
Qa4 Be7 9. Nc4 Qe4 10. Qb5 O-O-O 11. Ne3 Ne5 12. d3 Qc6 13. Qxc6+ Nxc6 14. Nxg4
Nxg4 15. Ng5 Nge5 16. Rd1 Rd7 17. Nf3 Nxf3+ 18. gxf3 Rhd8 19. f4 Kc7 20. Be3 f5
21. Rd2 Bd6 22. Rad1 g5 23. fxg5 f4 24. Bxc5 Bxc5 25. d4 e5 26. Bg4 Rd6 27. d5
e4 28. b4 Bb6 29. c4 Nxb4 30. a3 Nd3 31. Rc2 Rg8 32. h4 h6 33. Be6 Rg7 34. Bf5
Nxf2 35. c5 Nxd1 0-1

[Event "World Junior Chess Championship U18 b"]
[Site "Gaziantep"]
[Date "2008.08.03"]
[Round "1.36"]
[White "Aydogdu, Ataman"]
[Black "Borus, Denes"]
[Result "0-1"]
[WhiteElo "2050"]
[BlackElo "2472"]
[PlyCount "53"]
[EventDate "2008.08.??"]
[EventType "swiss"]
[EventRounds "13"]
[EventCountry "TUR"]

1. d4 Nf6 2. c4 g6 3. Nc3 d5 4. cxd5 Nxd5 5. e4 Nxc3 6. bxc3 Bg7 7. Bc4 c5 8.
Be3 Qc7 9. Rc1 O-O 10. Ne2 Nc6 11. O-O e6 12. f4 b6 13. Qe1 Na5 14. Bd3 Bb7 15.
f5 exf5 16. exf5 Rfe8 17. Bg5 Bd5 18. Qh4 Bc4 19. Bxc4 Nxc4 20. Ng3 Qd6 21. f6
Bf8 22. Rf3 Qd5 23. Nf5 Re2 24. Bh6 Nd6 25. Ne7+ Bxe7 26. fxe7 Nf5 27. Rxf5 0-1

[Event "World Junior Chess Championship U18 b"]
[Site "Gaziantep"]
[Date "2008.08.03"]
[Round "1.37"]
[White "Can, Emre"]
[Black "Yashkin, Oleg"]
[Result "1-0"]
[WhiteElo "2460"]
[BlackElo "2033"]
[PlyCount "75"]
[EventDate "2008.08.??"]
[EventType "swiss"]
[EventRounds "13"]
[EventCountry "TUR"]

1. e4 e5 2. Nf3 Nf6 3. d4 Nxe4 4. Bd3 d5 5. Nxe5 Nd7 6. Nxd7 Bxd7 7. O-O Bd6 8.
Qh5 Nf6 9. Re1+ Kf8 10. Qe2 Ng4 11. h3 Qh4 12. Qf3 Bh2+ 13. Kf1 Nxf2 14. Qxf2
Bg3 15. Qd2 Qf6+ 16. Kg1 Bxe1 17. Qxe1 Qxd4+ 18. Kh2 f6 19. Nc3 Kf7 20. Qg3 c6
21. Be3 Qe5 22. Bf4 Qh5 23. Rf1 Rhe8 24. Bd6 Re6 25. Rf5 Qg6 26. Qf4 Rxd6 27.
Rxd5 Rxd5 28. Bxg6+ Kxg6 29. Nxd5 cxd5 30. Qg3+ Kh6 31. Qe3+ Kg6 32. Qd3+ Bf5
33. Qxd5 Re8 34. g4 Re2+ 35. Kg3 Re3+ 36. Kh4 Kh6 37. gxf5 g5+ 38. Kg4 1-0

[Event "World Junior Chess Championship U18 b"]
[Site "Gaziantep"]
[Date "2008.08.03"]
[Round "1.38"]
[White "Deruni, Berc"]
[Black "Stupak, Kirill"]
[Result "0-1"]
[WhiteElo "2032"]
[BlackElo "2458"]
[PlyCount "144"]
[EventDate "2008.08.??"]
[EventType "swiss"]
[EventRounds "13"]
[EventCountry "TUR"]

1. d4 e6 2. c4 Nf6 3. Nf3 c5 4. d5 exd5 5. cxd5 Bd6 6. Nc3 Bc7 7. g4 O-O 8. g5
Ne8 9. h4 d6 10. Bh3 Bxh3 11. Rxh3 Ba5 12. Kf1 Nd7 13. Ne4 f5 14. Ng3 Ne5 15.
Nh5 Ng6 16. Nf4 Nc7 17. Nxg6 hxg6 18. Bf4 Qe7 19. Qd3 Rad8 20. Rd1 Qe4 21. e3
Rfe8 22. Kg2 Kf7 23. h5 gxh5 24. Rxh5 Bb4 25. Qxe4 fxe4 26. Nh4 Rf8 27. g6+ Ke8
28. Nf5 Kd7 29. Nxg7 Rg8 30. Rh7 Kc8 31. Bh6 Ne8 32. Nxe8 Rxg6+ 33. Kf1 Rxe8
34. Ke2 Ba5 35. Bf4 Bd8 36. Rf7 Re7 37. Rf8 Rh7 38. Re8 Re7 39. Rf8 Kd7 40. Rh1
Ba5 41. Rf5 Reg7 42. Bg3 b5 43. Rh8 Rg5 44. Rh5 Rxf5 45. Rxf5 Rh7 46. Rf6 Bc7
47. f3 exf3+ 48. Kxf3 c4 49. e4 Rh1 50. Rf7+ Kc8 51. Kg4 b4 52. Rf2 Rb1 53. Rc2
Kd7 54. Kf5 a5 55. Rh2 Rf1+ 56. Bf4 a4 57. Rc2 b3 58. axb3 cxb3 59. Rh2 Bb6 60.
Kg4 a3 61. bxa3 Bd4 62. Rh7+ Kc8 63. Bxd6 b2 64. Rc7+ Kd8 65. Rb7 b1=Q 66. Rxb1
Rxb1 67. e5 Rb5 68. Kf5 Bc5 69. a4 Ra5 70. Ke6 Ra6 71. a5 Bxd6 72. exd6 Rxa5
0-1

[Event "World Junior Chess Championship U18 b"]
[Site "Gaziantep"]
[Date "2008.08.03"]
[Round "1.39"]
[White "Swiercz, Dariusz"]
[Black "Gurcan, Eray"]
[Result "1-0"]
[WhiteElo "2456"]
[BlackElo "1955"]
[PlyCount "49"]
[EventDate "2008.08.??"]
[EventType "swiss"]
[EventRounds "13"]
[EventCountry "TUR"]

1. e4 c5 2. Nf3 d6 3. d4 cxd4 4. Nxd4 Nf6 5. Nc3 a6 6. Bc4 e6 7. O-O Be7 8. Bb3
O-O 9. f4 Nbd7 10. f5 Nc5 11. Qf3 Bd7 12. Bg5 b5 13. a3 Nxb3 14. Nxb3 Qb6+ 15.
Kh1 Bc6 16. Rad1 Qb7 17. Nd4 Bd7 18. e5 Qxf3 19. Rxf3 Nd5 20. Nxd5 Bxg5 21. Nb6
Be7 22. Nxd7 Rfd8 23. exd6 Rxd7 24. dxe7 Rxe7 25. fxe6 1-0

[Event "World Junior Chess Championship U18 b"]
[Site "Gaziantep"]
[Date "2008.08.03"]
[Round "1.40"]
[White "Kobayashi, Atsuhiko"]
[Black "Sengupta, Deep"]
[Result "0-1"]
[WhiteElo "1936"]
[BlackElo "2454"]
[PlyCount "80"]
[EventDate "2008.08.??"]
[EventType "swiss"]
[EventRounds "13"]
[EventCountry "TUR"]

1. e4 e6 2. d4 b6 3. Bd3 Bb7 4. Nf3 Nf6 5. Nbd2 d5 6. exd5 Nxd5 7. O-O Be7 8.
c3 O-O 9. Ne4 Nd7 10. Qe2 a6 11. Re1 c5 12. Neg5 g6 13. Ne4 Qc7 14. dxc5 bxc5
15. Bh6 Rfd8 16. Qc2 Nf4 17. Bf1 Nf6 18. Nxf6+ Bxf6 19. Nd2 Bg7 20. Bg5 Rd5 21.
Ne4 h6 22. Bf6 Nh5 23. Bxg7 Kxg7 24. g3 Rad8 25. Bg2 c4 26. Rad1 Rd3 27. Rxd3
cxd3 28. Qd2 f5 29. Nc5 Qxc5 30. Bxb7 e5 31. Re3 e4 32. g4 Nf6 33. gxf5 gxf5
34. Rg3+ Kh7 35. Bxa6 Qe5 36. Bxd3 Nh5 37. Rh3 Nf4 38. Rh4 Qg7+ 39. Kf1 Qg2+
40. Ke1 Qg1+ 0-1

[Event "World Junior Chess Championship U18 b"]
[Site "Gaziantep"]
[Date "2008.08.03"]
[Round "1.42"]
[White "Vural, Ozge"]
[Black "Tomczak, Jacek"]
[Result "0-1"]
[WhiteElo "1853"]
[BlackElo "2451"]
[PlyCount "100"]
[EventDate "2008.08.??"]
[EventType "swiss"]
[EventRounds "13"]
[EventCountry "TUR"]

1. e4 d5 2. exd5 Nf6 3. Nf3 Nxd5 4. d4 g6 5. Be2 Bg7 6. c4 Nb6 7. Nc3 O-O 8.
Be3 Bg4 9. Ne5 Be6 10. d5 Bxd5 11. cxd5 Bxe5 12. Bd4 Bxd4 13. Qxd4 e6 14. Rd1
exd5 15. h4 Nc6 16. Qf4 Re8 17. Rh3 Qe7 18. Re3 Qd7 19. Ne4 Rxe4 20. Rxe4 Nd8
21. Qf6 Qc6 22. Qxc6 Nxc6 23. Re3 Kf8 24. Bf3 Ne7 25. Rc3 c6 26. b3 Nf5 27. g3
Ke7 28. h5 Kd6 29. Kd2 g5 30. Re1 c5 31. Bd1 Nd4 32. Rce3 Ne6 33. Bc2 h6 34.
Bg6 Nd4 35. Bxf7 Rf8 36. Bg6 Nf3+ 37. Rxf3 Rxf3 38. Ke2 Rf8 39. Rf1 Ke5 40. Ke3
d4+ 41. Kd2 Nd5 42. Bd3 Nc3 43. a4 Rf3 44. Re1+ Kd6 45. Re8 Rxf2+ 46. Ke1 Rf3
47. Kd2 Rxg3 48. Rh8 Ke5 49. Rxh6 Ne4+ 50. Kc2 Nf2 0-1

[Event "World Junior Chess Championship U18 b"]
[Site "Gaziantep"]
[Date "2008.08.03"]
[Round "1.43"]
[White "Georgescu, Tiberiu"]
[Black "Acarbay, Aydin"]
[Result "1-0"]
[WhiteElo "2442"]
[BlackElo "1825"]
[PlyCount "65"]
[EventDate "2008.08.??"]
[EventType "swiss"]
[EventRounds "13"]
[EventCountry "TUR"]

1. d4 d5 2. Nf3 Nf6 3. g3 e6 4. Bg2 Be7 5. O-O O-O 6. c4 b6 7. Nc3 Bb7 8. Nd2
Nbd7 9. e4 dxe4 10. Ndxe4 Nxe4 11. Nxe4 e5 12. dxe5 Nxe5 13. b3 c5 14. Qh5 Nc6
15. Bb2 f6 16. Nc3 Qe8 17. Bd5+ Kh8 18. Qh3 Bc8 19. Qg2 Bd7 20. Rfe1 Rc8 21.
Nb5 Qh5 22. Rad1 Bh3 23. Qh1 Ne5 24. Nxa7 Rcd8 25. Bxe5 fxe5 26. Qe4 Bd6 27.
Nb5 Bf5 28. Qe2 Bg4 29. f3 Rxf3 30. Bxf3 Bxf3 31. Qd2 Qh3 32. Qf2 e4 33. Rxd6
1-0

[Event "World Junior Chess Championship U18 b"]
[Site "Gaziantep"]
[Date "2008.08.03"]
[Round "1.44"]
[White "Ramsurrup, Pratish"]
[Black "Ashwin, Jayaram"]
[Result "0-1"]
[WhiteElo "1809"]
[BlackElo "2436"]
[PlyCount "118"]
[EventDate "2008.08.??"]
[EventType "swiss"]
[EventRounds "13"]
[EventCountry "TUR"]

1. e4 c5 2. Nf3 d6 3. d4 cxd4 4. Nxd4 Nf6 5. Nc3 a6 6. Qf3 g6 7. h3 Bg7 8. Be3
Bd7 9. g4 Nc6 10. O-O-O O-O 11. Kb1 Rc8 12. Qg3 Nxd4 13. Bxd4 e5 14. Ba7 Qc7
15. Qe3 b5 16. Qb6 b4 17. g5 Ne8 18. Qxc7 Rxc7 19. Bb6 bxc3 20. Bxc7 Nxc7 21.
Rxd6 Be6 22. Rc6 Nb5 23. Bxb5 axb5 24. Rxc3 Rd8 25. Rd3 Rxd3 26. cxd3 Bf8 27.
h4 Bc5 28. Rh2 h5 29. Kc2 Kf8 30. b3 b4 31. Kd2 Bg4 32. Rg2 f6 33. gxf6 Kf7 34.
Ke1 Kxf6 35. f3 Bxf3 36. Rc2 Bd4 37. Rc6+ Kg7 38. Ra6 Bg2 39. Rc6 Kf7 40. Rc7+
Kf6 41. Rc6+ Kg7 42. Rc7+ Kh6 43. Rc6 Bh3 44. Ke2 Bd7 45. Rc7 Bg4+ 46. Kf1 Bh3+
47. Ke2 g5 48. Rc6+ Kg7 49. hxg5 h4 50. Rh6 Bg4+ 51. Kf1 h3 52. Rh4 Bc8 53. Rh6
Bd7 54. Ra6 h2 55. Kg2 Bg1 56. d4 Bh3+ 57. Kh1 exd4 58. Rf6 d3 59. Rd6 Bf1 0-1

[Event "World Junior Chess Championship U18 b"]
[Site "Gaziantep"]
[Date "2008.08.03"]
[Round "1.45"]
[White "Ronchetti, Niccolo"]
[Black "Ozdover, Mustafa Berkay"]
[Result "1-0"]
[WhiteElo "2434"]
[BlackElo "1768"]
[PlyCount "81"]
[EventDate "2008.08.??"]
[EventType "swiss"]
[EventRounds "13"]
[EventCountry "TUR"]

1. e4 d6 2. d4 Nf6 3. Nc3 g6 4. f4 Bg7 5. Nf3 O-O 6. Bd3 c5 7. dxc5 dxc5 8. e5
Nd5 9. Nxd5 Qxd5 10. Qe2 e6 11. Be4 Qd8 12. Be3 Nd7 13. O-O Rb8 14. Rfd1 Qc7
15. Ng5 b5 16. Rd6 Re8 17. Rad1 Bf8 18. Rc6 Qd8 19. Qd2 Bb7 20. Qxd7 Qxd7 21.
Rxd7 Bxc6 22. Bxc6 Re7 23. Rd1 Rc7 24. Bf3 Be7 25. Ne4 a6 26. Kf2 c4 27. g4 b4
28. Rd4 b3 29. axb3 cxb3 30. c3 Rb5 31. Nf6+ Bxf6 32. exf6 h6 33. h4 Rc8 34.
Ra4 a5 35. c4 Rbb8 36. c5 Rb5 37. Be2 Rbb8 38. Rxa5 Kf8 39. Rb5 Ke8 40. c6 Ra8
41. Rxb3 1-0

[Event "World Junior Chess Championship U18 b"]
[Site "Gaziantep"]
[Date "2008.08.04"]
[Round "2.1"]
[White "Sanikidze, Tornike"]
[Black "Mamedov, Rauf"]
[Result "1-0"]
[WhiteElo "2486"]
[BlackElo "2627"]
[PlyCount "103"]
[EventDate "2008.08.??"]
[EventType "swiss"]
[EventRounds "13"]
[EventCountry "TUR"]

1. d4 d6 2. Nf3 g6 3. c4 Bg7 4. Nc3 Bg4 5. e3 Nc6 6. Be2 e5 7. Nxe5 Bxe2 8.
Nxc6 Qg5 9. Kxe2 bxc6 10. Kf1 Ne7 11. g3 O-O 12. Kg2 Qf5 13. Re1 Rab8 14. b3
Rfe8 15. Bb2 h5 16. h4 Qd7 17. e4 d5 18. exd5 cxd5 19. Nxd5 Nxd5 20. Rxe8+ Rxe8
21. cxd5 Qxd5+ 22. Qf3 Qxf3+ 23. Kxf3 c5 24. Rd1 cxd4 25. Rd2 Rd8 26. Ke4 f5+
27. Kd3 f4 28. Re2 fxg3 29. fxg3 Rd5 30. Re4 Be5 31. g4 Kf7 32. Bxd4 Bd6 33.
Kc4 Ra5 34. a4 hxg4 35. Rxg4 Be7 36. Rf4+ Ke6 37. Re4+ Kf7 38. Bf2 Bd6 39. Be3
Be7 40. Rg4 Kg7 41. h5 g5 42. Re4 Kf7 43. Bd4 Ra6 44. Kb5 Rh6 45. Bxa7 Rxh5 46.
Kc4 Bd6 47. a5 g4 48. Bb6 g3 49. a6 g2 50. a7 Bc5 51. a8=Q g1=Q 52. Qe8+ 1-0

[Event "World Junior Chess Championship U18 b"]
[Site "Gaziantep"]
[Date "2008.08.04"]
[Round "2.2"]
[White "Nechepurenko, Roman"]
[Black "Baramidze, David"]
[Result "1/2-1/2"]
[WhiteElo "2476"]
[BlackElo "2593"]
[PlyCount "77"]
[EventDate "2008.08.??"]
[EventType "swiss"]
[EventRounds "13"]
[EventCountry "TUR"]

1. d4 d5 2. c4 c6 3. Nf3 Nf6 4. Nc3 e6 5. Bg5 h6 6. Bh4 dxc4 7. e4 g5 8. Bg3 b5
9. Be2 Bb7 10. O-O Nbd7 11. Ne5 Bg7 12. Nxd7 Nxd7 13. Bd6 a6 14. Re1 c5 15.
dxc5 Rc8 16. Nd5 Nxc5 17. Ne7 Nxe4 18. Nxc8 Bxc8 19. Bb4 Qb6 20. Bh5 Qxf2+ 21.
Kh1 Bb7 22. Qf3 Qxf3 23. gxf3 Nf2+ 24. Kg2 Nd3 25. Rxe6+ Kd8 26. Re7 Bd5 27.
Bg4 Bxb2 28. Rd7+ Ke8 29. Rb1 c3 30. Bd6 Be6 31. Bxe6 fxe6 32. Rc7 Rg8 33. Rd1
Nf4+ 34. Bxf4 gxf4+ 35. Kf2 Rg5 36. Rd6 Rh5 37. Kg2 Rd5 38. Rxa6 Rd7 39. Raa7
1/2-1/2

[Event "World Junior Chess Championship U18 b"]
[Site "Gaziantep"]
[Date "2008.08.04"]
[Round "2.3"]
[White "Li, Chao B"]
[Black "Can, Emre"]
[Result "1-0"]
[WhiteElo "2590"]
[BlackElo "2460"]
[PlyCount "127"]
[EventDate "2008.08.??"]
[EventType "swiss"]
[EventRounds "13"]
[EventCountry "TUR"]

1. e4 e6 2. d4 d5 3. Nc3 Bb4 4. e5 c5 5. a3 Ba5 6. b4 cxd4 7. Nb5 Bc7 8. f4 Bd7
9. Nf3 Nc6 10. Bd3 Nge7 11. Bb2 a6 12. Nxc7+ Qxc7 13. Nxd4 Nxd4 14. Bxd4 Nf5
15. Bxf5 exf5 16. Bc5 b6 17. Bd4 Bb5 18. a4 Bc4 19. Qh5 Qe7 20. c3 Qe6 21. Kd2
O-O-O 22. Rhg1 Kb7 23. g4 fxg4 24. f5 Qd7 25. Qxg4 Rhe8 26. b5 g6 27. bxa6+
Kxa6 28. Rab1 Rb8 29. fxg6 Qxg4 30. Rxg4 hxg6 31. Rf4 Rb7 32. Rf6 Re6 33. Rxe6
fxe6 34. Rg1 Bb3 35. Rxg6 Re7 36. Be3 Bxa4 37. Bg5 Rh7 38. h4 Bd7 39. Ke3 Kb5
40. Kd4 Kc6 41. Rg8 Kc7 42. Bd8+ Kb7 43. Ke3 Ba4 44. Rg6 Kc8 45. Rg8 Kb7 46.
Kf4 Kc6 47. Bf6 Bc2 48. Kg5 Bd1 49. Re8 Kd7 50. Rd8+ Kc7 51. Rd6 Rh5+ 52. Kg6
Bg4 53. Rxe6 Bxe6 54. Kxh5 Kd7 55. Kg6 Ke8 56. h5 Bf7+ 57. Kg5 Bg8 58. h6 Bh7
59. e6 b5 60. Kf4 Bg6 61. Ke5 Bc2 62. Kxd5 Bg6 63. Kc5 Bd3 64. Kc6 1-0

[Event "World Junior Chess Championship U18 b"]
[Site "Gaziantep"]
[Date "2008.08.04"]
[Round "2.4"]
[White "Borus, Denes"]
[Black "Lenic, Luka"]
[Result "1/2-1/2"]
[WhiteElo "2472"]
[BlackElo "2584"]
[PlyCount "35"]
[EventDate "2008.08.??"]
[EventType "swiss"]
[EventRounds "13"]
[EventCountry "TUR"]

1. c4 g6 2. d4 Bg7 3. Nc3 d6 4. e4 Nf6 5. f3 O-O 6. Be3 c5 7. dxc5 dxc5 8. Qxd8
Rxd8 9. Bxc5 Nc6 10. Nge2 Nd7 11. Bf2 Nde5 12. Nf4 Bh6 13. Bg3 b6 14. Nfd5 e6
15. Rd1 Bb7 16. Be2 Bg7 17. f4 Nd7 18. Nc7 1/2-1/2

[Event "World Junior Chess Championship U18 b"]
[Site "Gaziantep"]
[Date "2008.08.04"]
[Round "2.5"]
[White "Stupak, Kirill"]
[Black "Nguyen, Ngoc Truong Son"]
[Result "0-1"]
[WhiteElo "2458"]
[BlackElo "2579"]
[PlyCount "138"]
[EventDate "2008.08.??"]
[EventType "swiss"]
[EventRounds "13"]
[EventCountry "TUR"]

1. d4 Nf6 2. Nf3 g6 3. g3 Bg7 4. Bg2 O-O 5. O-O d6 6. c4 c6 7. Nc3 a6 8. a3 Re8
9. h3 b5 10. cxb5 axb5 11. b4 Nbd7 12. Nd2 Nb6 13. Bb2 Nfd5 14. e3 Nxc3 15.
Bxc3 Bd7 16. Nb3 Na4 17. Qd2 e5 18. Na5 e4 19. Rac1 d5 20. Qd1 h5 21. f4 exf3
22. Qxf3 Qe7 23. Bd2 Rac8 24. Rfe1 Nb2 25. e4 Bxd4+ 26. Kh1 dxe4 27. Rxe4 Qxe4
28. Qxe4 Rxe4 29. Bxe4 c5 30. bxc5 Rxc5 31. Nb3 Rxc1+ 32. Bxc1 Be5 33. Kg2 Nc4
34. Nc5 Be8 35. Nd3 Bd6 36. Nb4 Kg7 37. Nc2 f6 38. h4 Bc5 39. Bd3 Bc6+ 40. Kf1
Ne5 41. Be2 Kf7 42. Nb4 Bd7 43. Nd5 Bh3+ 44. Ke1 Bg4 45. Nc7 Nf3+ 46. Bxf3 Bxf3
47. Nxb5 Bc6 48. Nc3 Ke6 49. Ne2 Kf5 50. Bb2 Bd7 51. Nf4 Bc6 52. Ke2 Bb5+ 53.
Kf3 Bc6+ 54. Ke2 Bd6 55. Kf2 Be7 56. Ke2 Bc5 57. Bc1 Be8 58. Bb2 Bf7 59. Ng2 g5
60. a4 Bc4+ 61. Kd2 Ke4 62. Bxf6 Bf1 63. hxg5 Bxg2 64. g6 Kf5 65. g7 Bd5 66.
Bc3 Bf2 67. a5 Bxg3 68. a6 Kg6 69. a7 Kf7 0-1

[Event "World Junior Chess Championship U18 b"]
[Site "Gaziantep"]
[Date "2008.08.04"]
[Round "2.6"]
[White "Le Quang, Liem"]
[Black "Swiercz, Dariusz"]
[Result "1/2-1/2"]
[WhiteElo "2577"]
[BlackElo "2456"]
[PlyCount "116"]
[EventDate "2008.08.??"]
[EventType "swiss"]
[EventRounds "13"]
[EventCountry "TUR"]

1. d4 f5 2. g3 Nf6 3. Bg2 g6 4. c3 Bg7 5. Qb3 Nc6 6. Nh3 d5 7. Nf4 e6 8. Nd2
O-O 9. Nf3 a5 10. Qc2 Ne4 11. Nd3 b6 12. O-O Ba6 13. Rd1 Qe7 14. b3 a4 15. Rb1
axb3 16. axb3 Bb5 17. Be3 Ra3 18. h4 Rfa8 19. Ng5 Ra2 20. Rb2 Rxb2 21. Nxb2 Ra2
22. Nxe4 fxe4 23. Rd2 Na5 24. Bh3 Bd7 25. Qb1 Ra3 26. b4 Nb3 27. Rd1 c5 28.
bxc5 bxc5 29. dxc5 Nxc5 30. c4 Rb3 31. cxd5 Rxb2 32. Qc1 Nb3 33. Qc4 Bf6 34.
Bxe6+ Kg7 35. Bg5 e3 36. Bxe3 Na5 37. Qg4 Bxe6 38. dxe6 Rb7 39. h5 Nc6 40. h6+
Kh8 41. Qe4 Rc7 42. Bb6 Rc8 43. Rd7 Qa3 44. Bc7 Qc5 45. Qf3 Qc3 46. Qf4 Kg8 47.
Rf7 Rf8 48. Rxf8+ Kxf8 49. Qd6+ Be7 50. Qd7 Qa1+ 51. Kh2 Qa8 52. f4 Qa6 53. Kh3
Qa8 54. Bb6 Ne5 55. fxe5 Qh1+ 56. Kg4 Qe4+ 57. Kh3 Qh1+ 58. Kg4 Qe4+ 1/2-1/2